[Event "Eurasia Cup op"]
[Site "Ekaterinburg"]
[Date "2019.08.01"]
[Round "2"]
[White "Beryozka, Polina"]
[Black "Svetlova, Ksenia"]
[Result "0-1"]
[WhiteElo "1286"]
[BlackElo "1875"]
[PlyCount "57"]
[EventDate "2019.07.31"]
[EventType "swiss"]
[EventRounds "9"]
[EventCountry "RUS"]
[SourceTitle "CBM 191 Extra"]
[Source "ChessBase"]
[SourceDate "2019.09.30"]
[SourceVersion "1"]
[SourceVersionDate "2019.09.30"]
[SourceQuality "1"]

1. c4 c5 2. Nc3 Nf6 3. g3 d5 4. cxd5 Nxd5 5. Bg2 Nc7 6. Nf3 Nc6 7. 0-0 e5 8. d3 Be7 9. a3 0-0 10. Qc2 Bg4 11. Ne4 Bxf3 12. Bxf3 Nd4 13. Qc4 b5 14. Qc3 Nd5 15. Qe1 Nc2 16. Qd1 Nxa1 17. Bd2 Rc8 18. Qxa1 Qd7 19. Nc3 Nb6 20. Rd1 b4 21. Na2 Qa4 22. Qc1 bxa3 23. bxa3 c4 24. Nc3 Qa6 25. dxc4 Qxc4 26. Qa1 Rfd8 27. Qb2 Rxd2 28. Qxd2 Qxc3 29. Qa2 0-1